000 00839nam a2200253 a 4500
001 BRCA_4198
005 20190320204600.0
008 280510s1983----mx-a######---#000-0#spa-#
020 _a9686658009
041 _aspa
044 _amx
050 4 _aN6559.O7
_b.C37 1983
100 1 _aCardoza y Aragón, Luis
_d1904-
_95690
245 1 0 _aOrozco
_bobra de caballete, acuarela, dibujo y grabado
_cLuis Cardoza y Aragón.
260 _aMéxico
_bFondo Editorial de la Plástica Mexicana
_c1983
300 _a142 p.
_bil. (algunas a color)
_c39 cm.
500 _aIncluye biografía
500 _aPor su formato NO se presta a domicilio
504 _aBibliografía: p. 140-142
600 1 4 _aOrozco, José Clemente
_d1883-1949
_vCatálogos
_910830
650 1 4 _aArtistas mexicanos
_95036
650 1 4 _aPintores
_zMéxico
_94221
942 _2lcc
_cB
999 _c3914
_d3914